National Anthem of Liechtenstein - "Oben am jungen Rhein" - Statistics

General Stats
  • This quiz has been taken 13 times
  • The average score is 17 of 35
Answer Stats
Answer % Correct
am
100%
jungen
100%
Oben
100%
Rhein,
100%
lehnet
69%
Liechtenstein,
69%
an
62%
sich
62%
Alpenhöh'n.
54%
Vaterland,
54%
das
46%
Dies
46%
erseh'n.
46%
für
46%
Gottes
46%
Hand,
46%
hat
46%
Heimatland,
46%
liebe
46%
teure
46%
uns
46%
weise
46%
das
31%
Dies
31%
erseh'n.
31%
für
31%
Gottes
31%
Hand,
31%
hat
31%
Heimatland,
31%
liebe
31%
teure
31%
uns
31%
Vaterland,
31%
weise
31%
No matching quizzes found
Score Distribution
Percent of People with Each Score
Percentile by Number Answered
Your Score History
You have not taken this quiz